| 000 | 00358nam a2200145Ia 4500 | ||
|---|---|---|---|
| 100 | _aWelch/K/ Fillison/P | ||
| 650 | _aGeneral | ||
| 942 | _cBK | ||
| 654 | _aGeneral And Communication Studies Manual | ||
| 245 | _aGeneral And Communication Studies Manual | ||
| 260 |
_bLongman _aLondon _c1979 |
||
| 082 |
_a1.5 _bWel/All |
||
| 546 | _aENGLISH | ||
| 999 |
_c33938 _d33938 |
||